Medallero de los Juegos Olímpicos - Los Ángeles 1932 - Estadísticas

Estadísticas generales
  • Esta prueba ha sido intentada 10 veces
  • La puntuación promedio es 7 de 10
Estadísticas de respuestas
Oro Plata Bronce Total País % Correcto
10 5 4 19 Francia
100%
3 12 5 20 Alemania
89%
2 5 8 15 Canadá
89%
41 32 30 103 Estados Unidos
89%
4 7 5 16 Reino Unido
89%
12 12 12 36 Italia
78%
7 7 4 18 Japón
78%
9 5 9 23 Suecia
67%
5 8 12 25 Finlandia
22%
6 4 5 15 Hungría
22%
No se encontraron pruebas coincidentes
Distribución de puntuación
Porcentaje de gente con cada puntuación
Porcentaje por número respondido
Historial de tus puntuaciones
No has intentado esta prueba.